Economic policy revolution and industrialization in Latin America.

Bibliographic Details
Main Author: Teichert, Pedro C. M.
Format: Book
Language:English
Published: University, Miss. : Bureau of Business Research, University of Mississippi, 1959.
Subjects:

MARC

Tag First Indicator Second Indicator Subfields
LEADER 00000cam a2200000 4500
001 in00000067785
005 20151008050819.0
008 750815s1959 msu b 00000 eng u
010 |a  59062756  
035 |a (OCoLC)01548031 
035 |9 AAG3538AM 
040 |c BNG  |d TXA  |d UtOrBLW 
049 |a TXAM  |c [327032] 
050 0 |a HC165  |b .T4 
090 |a HC165  |b .T4 1959 
092 |a 330.98  |b T262e 
100 1 |a Teichert, Pedro C. M. 
245 1 0 |a Economic policy revolution and industrialization in Latin America. 
264 1 |a University, Miss. :  |b Bureau of Business Research, University of Mississippi,  |c 1959. 
300 |a 282 pages ;  |c 28 cm. 
336 |a text  |b txt  |2 rdacontent 
337 |a unmediated  |b n  |2 rdamedia 
338 |a volume  |b nc  |2 rdacarrier 
504 |a Includes bibliography. 
651 0 |a Latin America  |x Economic conditions. 
999 |a MARS 
999 f f |s 181cd383-e05b-3416-b91b-4f2bb73c41ea  |i c1a6c6a0-e941-36a7-b3d9-c7912717b279  |t 0 
952 f f |p ric  |a Texas A&M University  |b Rellis Campus  |c Joint Library Facility  |d Remote Storage  |t 0  |e HC165 .T4 1959  |h Library of Congress classification  |i unmediated -- volume  |m A14800710288 
998 f f |a HC165 .T4 1959  |t 0  |l Remote Storage